| 000 | 00787nam a22002297a 4500 | ||
|---|---|---|---|
| 003 | OSt | ||
| 005 | 20251120150429.0 | ||
| 008 | 251120b |||||||| |||| 00| 0 eng d | ||
| 020 | _a978-1-4129-2609-6. | ||
| 040 |
_aDWCL-Main lib _cOC |
||
| 082 | _aCirc. 613.0438 H343u 2007 | ||
| 100 | _aHarwood, Jake | ||
| 245 |
_aUnderstanding communication and aging : _bdeveloping knowledge and awareness _cHarwood, Jake |
||
| 260 |
_aCalifornia : _bSage Publications, Inc., _cc2007. |
||
| 300 |
_axii, 325 pages : _billustration ; _c23 cm. |
||
| 504 | _aIncludes bibliographical references and index. | ||
| 650 | _21. Aging | ||
| 650 | _22. Old age-Social aspects. | ||
| 650 | _23. Older people-Communication. | ||
| 650 | _24. Older people-Health & Hygiene. | ||
| 942 |
_2ddc _cBK-CIRC _kCirc. _n0 |
||
| 999 |
_c5903 _d5903 |
||